|
|
|
|
| LEADER |
00979nam a2200253 a 4500 |
| 001 |
49203818 |
| 008 |
090709r20052002stk b 000 0 eng d |
| 020 |
|
|
|a 0748615199
|
| 020 |
|
|
|a 8126904690
|
| 040 |
|
|
|a UKM
|c UKM
|d CUS
|d ORE
|
| 082 |
0 |
0 |
|a 801/.95
|2 21
|
| 100 |
1 |
|
|a Wolfreys, Julian,
|d 1958-
|
| 245 |
1 |
0 |
|a Key concepts in literary theory /
|c Julian Wolfreys, Ruth Robbins and Kenneth Womack.
|
| 260 |
|
|
|a Edinburgh :
|b Edinburgh University Press,
|c c2002.[reprinted]
|
| 300 |
|
|
|a xv, 171 p. ;
|c 20 cm.
|
| 504 |
|
|
|a Includes bibliographical references.
|
| 541 |
1 |
|
|e 00014514
|
| 650 |
|
0 |
|a Criticism.
|
| 650 |
|
0 |
|a Literature
|x History and criticism
|x Theory, etc.
|
| 700 |
1 |
|
|a Robbins, Ruth,
|d 1965-
|
| 700 |
1 |
|
|a Womack, Kenneth.
|
| 852 |
4 |
|
|a Ayesha Abed Library
|j General Shelf.
|
| 999 |
|
|
|c 2193
|d 2193
|
| 952 |
|
|
|0 0
|1 0
|2 ddc
|4 0
|6 801_950000000000000_WOL
|7 0
|9 2020
|a BRACUL
|b BRACUL
|c GEN
|d 2009-07-09
|g 950.00
|l 2
|m 43
|o 801.95 WOL
|p 3010014514
|r 2025-06-22
|s 2024-12-18
|t 1
|v 1900.00
|w 2009-07-09
|y BK
|